Erec Rex, the search for truth vol. 3 / Kaza ... Read More
Available copies
- 1 of 1 copy available at LARL/NWRL Consortium.
- 1 of 1 copy available at Lake Agassiz Regional Library. (Show preferred library)
Current holds
0 current holds with 1 total copy.
Show Only Available Copies
| Location | Call Number / Copy Notes | Barcode | Shelving Location | Status | Due Date |
|---|---|---|---|---|---|
| Ada Public Library | J KIN (Text) | 33500010227247 | Main | Available | - |
Record details
- ISBN: 9781416979883
- ISBN: 1416979883
- Physical Description: 431 p. : ill. ; 22 cm.
- Edition: 1st ed.
- Publisher: New York : Simon & Schuster Books for Young Readers, c2009.
Content descriptions
| Formatted Contents Note: | Substance channel -- Ghost surgeon -- Mrs. Stain's ... Read More |
| Summary, etc.: | When twelve-year-old Erec Rex learns that his ... Read More |
| Target Audience Note: | 010 & up. |
Search for related items by subject
| Subject: | Dragons > Juvenile fiction. Dragons > Fiction. Fantasy. |
| Genre: | Fantasy fiction. |
Search for related items by series
| LDR | 02188cam a22003974a 4500 | ||
|---|---|---|---|
| 001 | 109052 | ||
| 003 | LARL_NWRL_CONSORTIUM | ||
| 005 | 20090915120558.0 | ||
| 008 | 080919s2009 nyua c 000 1 eng | ||
| 020 | . | ‡a9781416979883 | |
| 020 | . | ‡a1416979883 | |
| 035 | . | ‡a(OCoLC)255140783 | |
| 082 | 1 | 4. | ‡a[Fic] ‡222 |
| 100 | 1 | . | ‡aKingsley, Kaza. ‡0(LARL_NWRL_CONSORTIUM)196407 |
| 245 | 1 | 0. | ‡aErec Rex, the search for truth ‡nvol. 3 / ‡cKaza Kingsley ; illustrations by Tim Jacobus. |
| 246 | 1 | . | ‡aSearch for truth ‡nvol. 3 |
| 250 | . | ‡a1st ed. | |
| 260 | . | ‡aNew York : ‡bSimon & Schuster Books for Young Readers, ‡cc2009. | |
| 300 | . | ‡a431 p. : ‡bill. ; ‡c22 cm. | |
| 490 | 0 | . | ‡aErec Rex ; ‡v3 |
| 521 | 1 | . | ‡a010 & up. |
| 520 | . | ‡aWhen twelve-year-old Erec Rex learns that his friend Bethany is in trouble in Alypium, the magical kingdom he is destined to rule, he rushes to try to save her and to find the five Awen in order to protect the Substance. | |
| 505 | 0 | . | ‡aSubstance channel -- Ghost surgeon -- Mrs. Stain's rumors -- Smug harpy and a helpful ghost -- Torn quest -- Pool table -- Dragon in the jungle -- Swami Parvananda -- Little dark room -- Oracle -- Snail mail from Oscar -- Manticore -- Virtue of caring -- King Stain -- Ugry's advice -- Twrch Trwyth -- Ghost ship to Avalon -- Singing crystal -- Proposal -- Awen of Creation -- Furious butler -- Disturbing vision -- Novikov time bender -- Olwen Cullwich -- King Piter's first mistake -- Battle between love and hate -- Letter to Erec -- Old magic -- One thousand years earlier. |
| 650 | 0. | ‡aDragons ‡vJuvenile fiction. ‡0(LARL_NWRL_CONSORTIUM)164659 | |
| 650 | 1. | ‡aDragons ‡vFiction. ‡0(LARL_NWRL_CONSORTIUM)164658 | |
| 650 | 1. | ‡aFantasy. ‡0(LARL_NWRL_CONSORTIUM)19981 | |
| 655 | 0. | ‡aFantasy fiction. | |
| 700 | 1 | . | ‡aJacobus, Tim. ‡0(LARL_NWRL_CONSORTIUM)186767 |
| 901 | . | ‡a109052 ‡bOCLC ‡c109052 ‡tbiblio | |

Add to basket
Permalink
Disable Highlighting